000 00528nam a2200205Ia 4500
003 OSt
005 20230603115546.0
008 210423s2007 xx 000 0 und d
040 _cAL
041 _aeng
082 _a361.3
_223
_b BOGS
100 _aBOGO (Marian)
_9119249
245 _aSocial work practice
260 _aJaipur
_bRawat Publications
_c2007
365 _b775
_cINR
650 _aSocial Problems & Services
_9119250
650 _aSocial Work
_9119251
906 _apractice ; Social ; work
942 _2ddc
_cBK
999 _c174833
_d174833